=LDR 00000nam 2200000 4500 =001 INLIS000000000046547 =005 20200227022104 =035 ##$$a 0010-041500000000029 =008 200227################g##########0#ind## =020 ##$$a 979-1149-13-5 =082 ##$$a 297.73 =100 1#$$a Kusumah, Indra =245 1#$$a excellent parenting /$c Indra Kusumah, S.Psi & Vindhy Fitrianti W. S.Psi; editor, Muhammad Fahmi =250 ##$$a Cet.1 =260 ##$$a Yogyakarta :$b Qudsi Media,$c 2007 =300 ##$$a xix238 Hlm ; $c 15 x 24 cm =850 ##$$aNBPNMAT =084 ##$$a 297.73 KUS e =700 #$$a Vindhy Fitrianti W =650 #4$$a Parenting =990 ##$$a 0001/BPAP-NTB/20142015 =990 ##$$a 30708980 =990 ##$$a 30708980 =990 ##$$a 0001/BPAP-NTB/20142015 =990 ##$$a 30708983/Hd-07 =990 ##$$a 30708980 =990 ##$$a 1344713447 =990 ##$$a 30708982 =990 ##$$a 30708983/Hd-07 =990 ##$$a 30708980